00551nam a2200157Ia 4500001001000000003000500010008004100015010001100056040000900067082001800076110006500094245011500159260003600274500003600310650004700346Para_7826CHAP220125s9999 xx 000 0 und d a206787 cCHAP aPA 630.72 I66 aInstituto Nacional de Investigaciones Agrícolas. México. aCatálogo de las publicaciones editadas por el Instituto Nacional de Investigaciones Agrícolas /c por INIA aMéxico, D.F. :b El instituto aLa biblioteca tiene: 1979, 1980 aAgricultura x investigación x México